| 000 | 01370 a2200229 4500 | ||
|---|---|---|---|
| 001 | 119228 | ||
| 020 | _a9780802126757 | ||
| 020 | _qbroch. | ||
| 041 | _aeng | ||
| 082 | _a813 | ||
| 100 | _aFrazier, Charles | ||
| 520 | _aCharles Frazier's debut novel Cold Mountain made publishing history in 1997 when it stood at the top of the New York Times best-seller list for sixty-one weeks, won numerous literary awards, including the National Book Award, and went on to sell over three million copies. Now reissued for its twentieth year, this extraordinary tale of a soldier's perilous journey back to his beloved at the end of the Civil War is at once an enthralling adventure, a stirring love story, and a luminous evocation of a vanished land. Adapted into an Oscar-nominated movie starring Nicole Kidman and Jude Law, and a 2015 opera co-commissioned between Santa Fe Opera, Opera Philadelphia and the Minnesota Opera, Cold Mountain portrays an era that continues to speak eloquently to our time. | ||
| 697 | _aHistorical fiction | ||
| 697 | _aMan - Woman - relationship | ||
| 697 | _aUnited States - History - 1861-1865, Civil War - Fiction. | ||
| 856 | _u000034/00003499.jpg | ||
| 040 |
_aBR-BrIDEA _cBR-BrIDEA |
||
| 090 |
_aP Year 10 813 _bFRA |
||
| 245 | 1 | 0 |
_aCold mountain _ba novel _cCharles Frazier |
| 260 |
_aNew York _bGrove Press _c1997 |
||
| 942 | _cBK | ||
| 999 |
_c119228 _d119228 |
||